000 00356nam a22001217a 4500
008 230623b xxu||||| |||| 00| 0 eng d
082 _a328.79
_bJRP
110 _bJoint Rules Committee
_c24-03-1999
245 _aJoint Rules of Parliament
_bAs approved by the Joint Rules Committee
260 _a2003
_bJoint Rules Committee
300 _a94p
942 _2ddc
_cBK
999 _c2382
_d2382